| 000 | 01520cab a22002535a 4500 | ||
|---|---|---|---|
| 001 | L146240 | ||
| 008 | 081217s2008 xxk f 000 0 eng d | ||
| 035 | _a(Sirsi) u146240 | ||
| 041 | 0 | _aeng | |
| 100 | 1 | _aWilkinson, S | |
| 245 | 0 | 0 | _aCould the NEC be widely used in New Zealand? |
| 260 | _c2008 | ||
| 490 | 0 |
_aProceedings of the Institution of Civil Engineers _bWaste and Resource Management _v(161) August 2008, 107-113(7) |
|
| 520 | _aConsiders the potential for the adoption of the UK NEC suite of contracts in New Zealand. Using a mix of in-depth and semi-structured interviews and an internet-based survey with senior construction industry personnel, investigated whether the drivers to change which resulted in the adoption of the NEC suite of contracts in the UK were present in New Zealand. Finds that, although some survey respondents considered the NEC beneficial, there are no significant drivers to facilitate its adoption. Concludes that there need to be improvements in project management and procurement practices before NEC could be adopted. | ||
| 590 | _aKA | ||
| 590 | _aBUILT ENVIRONMENT-BUILDING CONTRACT FORMS | ||
| 590 | _aHOUSING GRANTS, CONSTRUCTION AND REGENERATIONACT 1996 | ||
| 590 | _aNEW ENGINEERING CONTRACT (NEC) | ||
| 650 | 2 | 4 | _aCONDITIONS OF CONTRACT FOR BUILDING AND CIVIL ENGINEERING CONSTRUCTION (NEW ZEALAND) |
| 651 | 4 |
_aNew Zealand _y1947- |
|
| 690 | _aBUILT ENVIRONMENT-CONSTRUCTION MANAGEMENT-BUILDING CONTRACT ADMINISTRATION | ||
| 700 | 1 | _aFarhi, C | |
| 942 | _n0 | ||
| 999 |
_c81095 _d81095 |
||